Statistics for European Geography by Letter - M

Click here to take the quiz!

General Stats

  • This quiz has been taken 124 times
  • The average score is 16 of 20

Answer Stats

HintAnswer% Correct
Second-smallest country in the worldMonaco
99%
Capital of SpainMadrid
98%
Capital of RussiaMoscow
98%
Island country south of ItalyMalta
97%
Capital of BelarusMinsk
97%
Country between Romania and UkraineMoldova
97%
Capital and largest city of Bavaria, GermanyMunich
97%
Second-largest city in FranceMarseille
96%
Largest city in ItalyMilan
95%
English city with two Premier League football clubs - United and CityManchester
94%
Kingdom Alexander the Great ruled over and turned into a large empireMacedon
92%
Sea between Europe, Africa, and AsiaMediterranean Sea
92%
Third-largest city of Sweden and has a bridge that connects to Copenhagen, DenmarkMalmö
89%
Country which gained independence in 2006Montenegro
83%
Mountain in Switzerland and Italy that is the most famous in the AlpsMatterhorn
79%
Language native to the Isle of ManManx
57%
One of the three historical Czech lands, located in the east of CzechiaMoravia
49%
One of the four historical provinces of Ireland, including the southernmost part of the islandMunster
46%
Demonym of the above countryMonégasque
31%
Capital and largest city of the Finnish autonomous region of ÅlandMariehamn
17%

Score Distribution

Percentile by Number Answered

Percent of People with Each Score

Your Score History

You have not taken this quiz